000
00329nam a22001577a 4500
003
SGT
020
_a
978-93-85891-59-5
082
_a
618
_b
G16D
100
_a
DUTTA, DC
245
_a
TEXTBOOK OF GYNECOLOGY
250
_a
7TH
260
_a
NEW DELHI
_b
JAYPEE
_c
2016
300
_a
574
650
_a
AYURVEDA
942
_2
ddc
_c
BK
_0
22
999
_c
11345
_d
11345